000 00722nam a2200277Ia 4500
003 OSt
005 20221006153303.0
006 a|||||r|||| 00| 0
007 ta
008 221006b |||||||| |||| 00| 0 kor d
020 _cW 9,800
024 _a31,881
037 _bGift, Korean Embassy
_cTextual
040 _aEASL
_cEASL
_bkor
041 _2kor
_akor
082 _aO495,6, P5
100 _aHEO Man-Ha Au.
_9663292
245 0 _aGil wieseo sseun phyeonji
260 _aSeoul
_bSol Korea
_c2005
300 _a252p.
_ccm.
490 _v KL
650 _a KL
650 _aProse
_9663293
942 _hO495,6, P5
_cTEXL
_2CC
999 _c1099967
_d1099967